Návrh opatrení na zlepšenie využitia nástrojov marketingového mixu vo firme REKU – Slovakia, spol. s r.o., Trnava

Gespeichert in:
Bibliographische Detailangaben
1. Verfasser: Hrušková, Nikola, 1988- (Verfasst von)
Weitere Verfasser: Prajová, Vanesa (Betreuung Doktorarbeit)
Format: Manuskript Buch
Sprache:Slowakisch
Veröffentlicht: STU v Bratislave MTF UPMK, 2010
Schlagworte:
Online-Zugang:VAIS
Tags: Tag hinzufügen
Keine Tags, Fügen Sie das erste Tag hinzu!

MARC

LEADER 00000ntm a22000003a 4500
001 stu207136
005 20150617230056.0
008 100710s2010------------------------slo-d
040 |a STU  |b slo 
041 0 |a slo 
100 1 |a Hrušková, Nikola,  |d 1988-  |4 aut  |u I200  |U FIIT Fakulta informatiky a informačných technológií  |T FIIT Ústav informatiky a softvérového inžinierstva  |X 48817  |U I200  |Y 179  |7 A000048817 
242 0 0 |a Using tools of marketing mix in selected industrial companies  |y eng 
245 1 |a Návrh opatrení na zlepšenie využitia nástrojov marketingového mixu vo firme REKU – Slovakia, spol. s r.o., Trnava 
260 |b STU v Bratislave MTF UPMK,  |c 2010 
650 7 |a marketingový mix  |2 stusub 
650 7 |a distribúcia  |2 stusub 
650 7 |a marketing mix  |2 estusub 
700 1 |a Prajová, Vanesa  |4 ths  |u M4000  |U MTF Materiálovotechnologická fakulta  |T MTF Ústav priemyselného inžinierstva a manažmentu  |X 47651  |U M4000  |Y 84  |7 A000047651 
856 4 |a info a plný text  |u http://is.stuba.sk/zp/portal_zp.pl?podrobnosti=47447  |3 VAIS 
996 |c M*BP-4414  |l MMSKP  |s P  |a 0  |w stu207136_0001